<?xml version="1.0" encoding="UTF-8"?><marc:collection xmlns:marc="http://www.loc.gov/MARC21/slim">
  <marc:record>
    <marc:leader>04033nas a2200793 c 4500</marc:leader>
    <marc:controlfield tag="001">010000380</marc:controlfield>
    <marc:controlfield tag="003">DE-101</marc:controlfield>
    <marc:controlfield tag="005">20250311200008.0</marc:controlfield>
    <marc:controlfield tag="007">tu</marc:controlfield>
    <marc:controlfield tag="008">991118d19451998sz z||p|  ||| 0||||1eng c</marc:controlfield>
    <marc:datafield tag="016" ind1="7" ind2=" ">
      <marc:subfield code="2">DE-600</marc:subfield>
      <marc:subfield code="a">53-X</marc:subfield>
    </marc:datafield>
    <marc:datafield tag="016" ind1="7" ind2=" ">
      <marc:subfield code="2">DE-101</marc:subfield>
      <marc:subfield code="a">010000380</marc:subfield>
    </marc:datafield>
    <marc:datafield tag="022" ind1=" " ind2=" ">
      <marc:subfield code="a">0001-5180</marc:subfield>
    </marc:datafield>
    <marc:datafield tag="030" ind1=" " ind2=" ">
      <marc:subfield code="a">ACATA</marc:subfield>
    </marc:datafield>
    <marc:datafield tag="035" ind1=" " ind2=" ">
      <marc:subfield code="a">(DE-599)ZDB53-X</marc:subfield>
    </marc:datafield>
    <marc:datafield tag="035" ind1=" " ind2=" ">
      <marc:subfield code="a">(OCoLC)168552528</marc:subfield>
    </marc:datafield>
    <marc:datafield tag="040" ind1=" " ind2=" ">
      <marc:subfield code="a">9001</marc:subfield>
      <marc:subfield code="b">ger</marc:subfield>
      <marc:subfield code="c">DE-101</marc:subfield>
      <marc:subfield code="d">9999</marc:subfield>
    </marc:datafield>
    <marc:datafield tag="041" ind1=" " ind2=" ">
      <marc:subfield code="a">eng</marc:subfield>
    </marc:datafield>
    <marc:datafield tag="042" ind1=" " ind2=" ">
      <marc:subfield code="a">zdb</marc:subfield>
    </marc:datafield>
    <marc:datafield tag="044" ind1=" " ind2=" ">
      <marc:subfield code="c">XA-CH</marc:subfield>
      <marc:subfield code="c">XD-US</marc:subfield>
    </marc:datafield>
    <marc:datafield tag="082" ind1="7" ind2="4">
      <marc:subfield code="a">590</marc:subfield>
      <marc:subfield code="a">610</marc:subfield>
      <marc:subfield code="q">DE-600</marc:subfield>
      <marc:subfield code="2">22sdnb</marc:subfield>
    </marc:datafield>
    <marc:datafield tag="084" ind1=" " ind2=" ">
      <marc:subfield code="a">33</marc:subfield>
      <marc:subfield code="a">32</marc:subfield>
      <marc:subfield code="a">610</marc:subfield>
      <marc:subfield code="q">DE-101</marc:subfield>
      <marc:subfield code="2">sdnb</marc:subfield>
    </marc:datafield>
    <marc:datafield tag="084" ind1=" " ind2=" ">
      <marc:subfield code="a">12</marc:subfield>
      <marc:subfield code="2">ssgn</marc:subfield>
    </marc:datafield>
    <marc:datafield tag="084" ind1=" " ind2=" ">
      <marc:subfield code="a">27.2</marc:subfield>
      <marc:subfield code="a">27.2</marc:subfield>
      <marc:subfield code="a">27.3a</marc:subfield>
      <marc:subfield code="a">27.2</marc:subfield>
      <marc:subfield code="q">DE-101</marc:subfield>
      <marc:subfield code="2">sswd</marc:subfield>
    </marc:datafield>
    <marc:datafield tag="210" ind1="0" ind2="0">
      <marc:subfield code="a">Acta Anat (Basel)</marc:subfield>
    </marc:datafield>
    <marc:datafield tag="210" ind1="0" ind2="0">
      <marc:subfield code="a">Acta Anat.</marc:subfield>
    </marc:datafield>
    <marc:datafield tag="210" ind1="0" ind2="0">
      <marc:subfield code="a">Act Anatom</marc:subfield>
    </marc:datafield>
    <marc:datafield tag="245" ind1="0" ind2="0">
      <marc:subfield code="a">Acta anatomica</marc:subfield>
      <marc:subfield code="b">internat. archives of anatomy, histology, embryology and cytology</marc:subfield>
    </marc:datafield>
    <marc:datafield tag="264" ind1="3" ind2="1">
      <marc:subfield code="a">Basel [u.a.]</marc:subfield>
      <marc:subfield code="b">Karger</marc:subfield>
      <marc:subfield code="c">1945-1998</marc:subfield>
    </marc:datafield>
    <marc:datafield tag="336" ind1=" " ind2=" ">
      <marc:subfield code="a">Text</marc:subfield>
      <marc:subfield code="b">txt</marc:subfield>
      <marc:subfield code="2">rdacontent</marc:subfield>
    </marc:datafield>
    <marc:datafield tag="337" ind1=" " ind2=" ">
      <marc:subfield code="a">ohne Hilfsmittel zu benutzen</marc:subfield>
      <marc:subfield code="b">n</marc:subfield>
      <marc:subfield code="2">rdamedia</marc:subfield>
    </marc:datafield>
    <marc:datafield tag="338" ind1=" " ind2=" ">
      <marc:subfield code="a">Band</marc:subfield>
      <marc:subfield code="b">nc</marc:subfield>
      <marc:subfield code="2">rdacarrier</marc:subfield>
    </marc:datafield>
    <marc:datafield tag="362" ind1="0" ind2=" ">
      <marc:subfield code="a">1.1945/46 - 163.1998</marc:subfield>
    </marc:datafield>
    <marc:datafield tag="363" ind1="0" ind2="0">
      <marc:subfield code="8">1.1\x</marc:subfield>
      <marc:subfield code="a">1</marc:subfield>
      <marc:subfield code="i">1945/46</marc:subfield>
    </marc:datafield>
    <marc:datafield tag="363" ind1="1" ind2="0">
      <marc:subfield code="8">1.2\x</marc:subfield>
      <marc:subfield code="a">163</marc:subfield>
      <marc:subfield code="i">1998</marc:subfield>
    </marc:datafield>
    <marc:datafield tag="365" ind1=" " ind2=" ">
      <marc:subfield code="b">sfr 445.90 (je Bd.), $ 297.50 (je Bd.), sfr 637.00 (je Bd., für Institutionen), $ 425.00 (je Bd., für Institutionen), sfr 318.50 (je Bd., Mikroform, nur für Bezieher der Papierausg.), $ 212.50 (je Bd., Mikroform, nur für Bezieher der Papierausg.)</marc:subfield>
    </marc:datafield>
    <marc:datafield tag="500" ind1=" " ind2=" ">
      <marc:subfield code="a">Repr.: Amsterdam : Swets &amp; Zeitlinger</marc:subfield>
    </marc:datafield>
    <marc:datafield tag="555" ind1="8" ind2=" ">
      <marc:subfield code="a">Index 1/25.1945/55 in: 25.1955</marc:subfield>
    </marc:datafield>
    <marc:datafield tag="591" ind1=" " ind2=" ">
      <marc:subfield code="a">31!82!</marc:subfield>
    </marc:datafield>
    <marc:datafield tag="650" ind1=" " ind2="7">
      <marc:subfield code="0">(DE-588)4001895-7</marc:subfield>
      <marc:subfield code="0">https://d-nb.info/gnd/4001895-7</marc:subfield>
      <marc:subfield code="0">(DE-101)040018954</marc:subfield>
      <marc:subfield code="a">Anatomie</marc:subfield>
      <marc:subfield code="9">rswk-swf</marc:subfield>
      <marc:subfield code="2">gnd</marc:subfield>
    </marc:datafield>
    <marc:datafield tag="650" ind1=" " ind2="7">
      <marc:subfield code="0">(DE-588)4025092-1</marc:subfield>
      <marc:subfield code="0">https://d-nb.info/gnd/4025092-1</marc:subfield>
      <marc:subfield code="0">(DE-101)04025092X</marc:subfield>
      <marc:subfield code="a">Histologie</marc:subfield>
      <marc:subfield code="9">rswk-swf</marc:subfield>
      <marc:subfield code="2">gnd</marc:subfield>
    </marc:datafield>
    <marc:datafield tag="650" ind1=" " ind2="7">
      <marc:subfield code="0">(DE-588)4014562-1</marc:subfield>
      <marc:subfield code="0">https://d-nb.info/gnd/4014562-1</marc:subfield>
      <marc:subfield code="0">(DE-101)04014562X</marc:subfield>
      <marc:subfield code="a">Embryologie</marc:subfield>
      <marc:subfield code="9">rswk-swf</marc:subfield>
      <marc:subfield code="2">gnd</marc:subfield>
    </marc:datafield>
    <marc:datafield tag="650" ind1=" " ind2="7">
      <marc:subfield code="0">(DE-588)4070177-3</marc:subfield>
      <marc:subfield code="0">https://d-nb.info/gnd/4070177-3</marc:subfield>
      <marc:subfield code="0">(DE-101)040701778</marc:subfield>
      <marc:subfield code="a">Cytologie</marc:subfield>
      <marc:subfield code="9">rswk-swf</marc:subfield>
      <marc:subfield code="2">gnd</marc:subfield>
    </marc:datafield>
    <marc:datafield tag="655" ind1=" " ind2="7">
      <marc:subfield code="0">(DE-588)4067488-5</marc:subfield>
      <marc:subfield code="0">https://d-nb.info/gnd/4067488-5</marc:subfield>
      <marc:subfield code="0">(DE-101)040674886</marc:subfield>
      <marc:subfield code="a">Zeitschrift</marc:subfield>
      <marc:subfield code="2">gnd-content</marc:subfield>
    </marc:datafield>
    <marc:datafield tag="655" ind1=" " ind2="7">
      <marc:subfield code="a">Zeitschrift</marc:subfield>
      <marc:subfield code="9">rswk-swf</marc:subfield>
      <marc:subfield code="2">gnd</marc:subfield>
    </marc:datafield>
    <marc:datafield tag="655" ind1=" " ind2="7">
      <marc:subfield code="a">Zeitschrift</marc:subfield>
      <marc:subfield code="9">rswk-swf</marc:subfield>
      <marc:subfield code="2">gnd</marc:subfield>
    </marc:datafield>
    <marc:datafield tag="655" ind1=" " ind2="7">
      <marc:subfield code="a">Zeitschrift</marc:subfield>
      <marc:subfield code="9">rswk-swf</marc:subfield>
      <marc:subfield code="2">gnd</marc:subfield>
    </marc:datafield>
    <marc:datafield tag="655" ind1=" " ind2="7">
      <marc:subfield code="a">Zeitschrift</marc:subfield>
      <marc:subfield code="9">rswk-swf</marc:subfield>
      <marc:subfield code="2">gnd</marc:subfield>
    </marc:datafield>
    <marc:datafield tag="689" ind1="0" ind2="0">
      <marc:subfield code="0">(DE-588)4001895-7</marc:subfield>
      <marc:subfield code="0">https://d-nb.info/gnd/4001895-7</marc:subfield>
      <marc:subfield code="0">(DE-101)040018954</marc:subfield>
      <marc:subfield code="D">s</marc:subfield>
      <marc:subfield code="a">Anatomie</marc:subfield>
    </marc:datafield>
    <marc:datafield tag="689" ind1="0" ind2="1">
      <marc:subfield code="A">f</marc:subfield>
      <marc:subfield code="a">Zeitschrift</marc:subfield>
    </marc:datafield>
    <marc:datafield tag="689" ind1="0" ind2=" ">
      <marc:subfield code="5">DE-101</marc:subfield>
      <marc:subfield code="5">DE-101</marc:subfield>
    </marc:datafield>
    <marc:datafield tag="689" ind1="1" ind2="0">
      <marc:subfield code="0">(DE-588)4025092-1</marc:subfield>
      <marc:subfield code="0">https://d-nb.info/gnd/4025092-1</marc:subfield>
      <marc:subfield code="0">(DE-101)04025092X</marc:subfield>
      <marc:subfield code="D">s</marc:subfield>
      <marc:subfield code="a">Histologie</marc:subfield>
    </marc:datafield>
    <marc:datafield tag="689" ind1="1" ind2="1">
      <marc:subfield code="A">f</marc:subfield>
      <marc:subfield code="a">Zeitschrift</marc:subfield>
    </marc:datafield>
    <marc:datafield tag="689" ind1="1" ind2=" ">
      <marc:subfield code="5">DE-101</marc:subfield>
      <marc:subfield code="5">DE-101</marc:subfield>
    </marc:datafield>
    <marc:datafield tag="689" ind1="2" ind2="0">
      <marc:subfield code="0">(DE-588)4014562-1</marc:subfield>
      <marc:subfield code="0">https://d-nb.info/gnd/4014562-1</marc:subfield>
      <marc:subfield code="0">(DE-101)04014562X</marc:subfield>
      <marc:subfield code="D">s</marc:subfield>
      <marc:subfield code="a">Embryologie</marc:subfield>
    </marc:datafield>
    <marc:datafield tag="689" ind1="2" ind2="1">
      <marc:subfield code="A">f</marc:subfield>
      <marc:subfield code="a">Zeitschrift</marc:subfield>
    </marc:datafield>
    <marc:datafield tag="689" ind1="2" ind2=" ">
      <marc:subfield code="5">DE-101</marc:subfield>
      <marc:subfield code="5">DE-101</marc:subfield>
    </marc:datafield>
    <marc:datafield tag="689" ind1="3" ind2="0">
      <marc:subfield code="0">(DE-588)4070177-3</marc:subfield>
      <marc:subfield code="0">https://d-nb.info/gnd/4070177-3</marc:subfield>
      <marc:subfield code="0">(DE-101)040701778</marc:subfield>
      <marc:subfield code="D">s</marc:subfield>
      <marc:subfield code="a">Cytologie</marc:subfield>
    </marc:datafield>
    <marc:datafield tag="689" ind1="3" ind2="1">
      <marc:subfield code="A">f</marc:subfield>
      <marc:subfield code="a">Zeitschrift</marc:subfield>
    </marc:datafield>
    <marc:datafield tag="689" ind1="3" ind2=" ">
      <marc:subfield code="5">DE-101</marc:subfield>
      <marc:subfield code="5">DE-101</marc:subfield>
    </marc:datafield>
    <marc:datafield tag="770" ind1="0" ind2="8">
      <marc:subfield code="i">Supplement</marc:subfield>
      <marc:subfield code="n">1961-1967 Add.</marc:subfield>
      <marc:subfield code="t">Bibliotheca anatomica</marc:subfield>
      <marc:subfield code="d">Basel [u.a.] : [Verlag nicht ermittelbar], 1961-1988</marc:subfield>
      <marc:subfield code="x">0067-7833</marc:subfield>
      <marc:subfield code="w">(DE-600)217754-7</marc:subfield>
      <marc:subfield code="w">(DE-101)011279915</marc:subfield>
    </marc:datafield>
    <marc:datafield tag="776" ind1="0" ind2="8">
      <marc:subfield code="i">Erscheint auch als</marc:subfield>
      <marc:subfield code="n">Online-Ausgabe</marc:subfield>
      <marc:subfield code="t">Acta anatomica</marc:subfield>
      <marc:subfield code="d">Basel [u.a.] : Karger, 1945-1998</marc:subfield>
      <marc:subfield code="h">Online-Ressource</marc:subfield>
      <marc:subfield code="x">1421-9654</marc:subfield>
      <marc:subfield code="w">(DE-600)1481836-X</marc:subfield>
      <marc:subfield code="w">(DE-101)019747640</marc:subfield>
    </marc:datafield>
    <marc:datafield tag="780" ind1="0" ind2="0">
      <marc:subfield code="i">Vorg.:</marc:subfield>
      <marc:subfield code="t">Bio-Morphosis</marc:subfield>
      <marc:subfield code="d">Basel : Karger, 1939-1943</marc:subfield>
      <marc:subfield code="w">(DE-600)501850-X</marc:subfield>
      <marc:subfield code="w">(DE-101)012620912</marc:subfield>
    </marc:datafield>
    <marc:datafield tag="785" ind1="0" ind2="0">
      <marc:subfield code="i">Forts.:</marc:subfield>
      <marc:subfield code="t">Cells tissues organs</marc:subfield>
      <marc:subfield code="d">Basel ; Freiburg [Breisgau] ; Paris ; London ; New York, NY ; Bangalore ; Bangkok ; Shanghai ; Singapore ; Tokyo ; Sydney : Karger, 1999-</marc:subfield>
      <marc:subfield code="x">1422-6405</marc:subfield>
      <marc:subfield code="w">(DE-600)1468141-9</marc:subfield>
      <marc:subfield code="w">(DE-101)019613393</marc:subfield>
    </marc:datafield>
    <marc:datafield tag="787" ind1="0" ind2="8">
      <marc:subfield code="i">99,3=4; 111,1/2=6; 120,1/2=7; 130,1=8 von</marc:subfield>
      <marc:subfield code="a">European Anatomical Congress</marc:subfield>
      <marc:subfield code="t">Abstracts / the European Anatomical Congress</marc:subfield>
      <marc:subfield code="d">Basel ; München [u.a.] : Karger, 1977-1987</marc:subfield>
      <marc:subfield code="w">(DE-600)444700-1</marc:subfield>
      <marc:subfield code="w">(DE-101)012556890</marc:subfield>
    </marc:datafield>
    <marc:datafield tag="787" ind1="0" ind2="8">
      <marc:subfield code="i">In 48,1/2=4 von</marc:subfield>
      <marc:subfield code="a">Internationales Histologensymposium</marc:subfield>
      <marc:subfield code="t">Comptes rendus du ... Symposium Histologicum Internationale</marc:subfield>
      <marc:subfield code="d">Basel [u.a.] : Karger, 1962-1962</marc:subfield>
      <marc:subfield code="w">(DE-600)1311753-1</marc:subfield>
      <marc:subfield code="w">(DE-101)018157998</marc:subfield>
    </marc:datafield>
    <marc:datafield tag="850" ind1=" " ind2=" ">
      <marc:subfield code="a">DE-101a</marc:subfield>
      <marc:subfield code="a">DE-101b</marc:subfield>
    </marc:datafield>
    <marc:datafield tag="889" ind1=" " ind2=" ">
      <marc:subfield code="w">(DE-101)550051112</marc:subfield>
    </marc:datafield>
    <marc:datafield tag="925" ind1="r" ind2=" ">
      <marc:subfield code="a">ra</marc:subfield>
    </marc:datafield>
  </marc:record>
</marc:collection>
